| 000 | 00466nam a2200157Ia 4500 | ||
|---|---|---|---|
| 999 |
_c18927 _d18927 |
||
| 003 | OSt | ||
| 005 | 20200619152612.0 | ||
| 008 | 190216s9999||||xx |||||||||||||| ||und|| | ||
| 040 | _coclc | ||
| 082 |
_a954 _bDOD/C |
||
| 100 |
_aDodwell, H H _93080 |
||
| 245 | 4 |
_aThe Cambridge History Of India Vol 5 : _bBritish India / _cH H Dodwell |
|
| 260 |
_bS Chand & Co, _c1968. _aNew Delhi: |
||
| 300 | _a690p | ||
| 942 |
_cBK _2ddc _h954 _iDOD/C _k954 _mDOD/C |
||